Drogenabhängigkeit: Familientherapie und Prävention: ein Vergleich familientherapeutischer Modelle bei der Behandlung drogenabhängiger Jugendlicher und Vorschläge für die Suchtprävention in der Familie
| Autor principal: | |
|---|---|
| Tipo de documento: | Print Libro |
| Lenguaje: | Alemán |
| Publicado: |
Berlin Heidelberg New York London Paris Tokyo Hong Kong Barcelona
Springer
1990
|
| En: | Año: 1990 |
| Acceso en línea: |
Índice Índice |
| Disponibilidad en Tübingen: | Disponible en Tübingen. IFK: C XVII 421 |
| Verificar disponibilidad: | HBZ Gateway |
| Servicio de pedido Subito: | Pedir ahora. |
| Palabras clave: |
MARC
| LEADER | 00000cam a2200000 c 4500 | ||
|---|---|---|---|
| 001 | 275413209 | ||
| 003 | DE-627 | ||
| 005 | 20260206194657.0 | ||
| 007 | tu | ||
| 008 | 901031s1990 xx ||||| m 00| ||ger c | ||
| 015 | |a 90,N31,0065 |2 dnb | ||
| 015 | |a 91,A02,0143 |2 dnb | ||
| 016 | 7 | |a 901011738 |2 DE-101 | |
| 020 | |a 3540525823 |9 3-540-52582-3 | ||
| 020 | |a 0387525823 |9 0-387-52582-3 | ||
| 035 | |a (DE-627)275413209 | ||
| 035 | |a (DE-603)012946745 | ||
| 035 | |a (DE-576)022105387 | ||
| 035 | |a (DE-599)GBV275413209 | ||
| 035 | |a (OCoLC)246712064 | ||
| 035 | |a (OCoLC)246712064 | ||
| 035 | |a (OCoLC)471056222 | ||
| 040 | |a DE-627 |b ger |c DE-627 |e rakwb | ||
| 041 | |a ger | ||
| 084 | |a 11 |a 33 |a 14 |2 sdnb | ||
| 084 | |a YH 3000 |2 rvk |0 (DE-625)rvk/153535:12905 | ||
| 084 | |a YH 5915 |2 rvk |0 (DE-625)rvk/153559:12921 | ||
| 084 | |a CW 6940 |2 rvk |0 (DE-625)rvk/19200: | ||
| 084 | |a DG 7500 |2 rvk |0 (DE-625)rvk/19560: | ||
| 084 | |a DS 7500 |2 rvk |0 (DE-625)rvk/19969: | ||
| 100 | 1 | |a Lippmann, Eric |d 1959- |0 (DE-588)131651757 |0 (DE-627)511826125 |0 (DE-576)186643349 |4 aut | |
| 109 | |a Lippmann, Eric 1959- |a Lippmann, E. 1959- |a Lippmann, Eric D. 1959- | ||
| 245 | 1 | 0 | |a Drogenabhängigkeit: Familientherapie und Prävention |b ein Vergleich familientherapeutischer Modelle bei der Behandlung drogenabhängiger Jugendlicher und Vorschläge für die Suchtprävention in der Familie |c Eric D. Lippmann. Mit e. Geleitw. von Rosemarie Welter-Enderlin |
| 264 | 1 | |a Berlin |a Heidelberg |a New York |a London |a Paris |a Tokyo |a Hong Kong |a Barcelona |b Springer |c 1990 | |
| 300 | |a XII, 206 S. |b Ill., graph. Darst. | ||
| 336 | |a Text |b txt |2 rdacontent | ||
| 337 | |a ohne Hilfsmittel zu benutzen |b n |2 rdamedia | ||
| 338 | |a Band |b nc |2 rdacarrier | ||
| 502 | |a Zugl.: Zürich, Univ., Diss., 1989 | ||
| 583 | 1 | |a Archivierung/Langzeitarchivierung gewährleistet |f PEBW |x XA-DE-BW |2 pdager |5 DE-31 | |
| 650 | 0 | |a Substance Dependence | |
| 650 | 0 | |a Family Therapy | |
| 650 | 0 | 7 | |0 (DE-588)4138597-4 |0 (DE-627)104577576 |0 (DE-576)209687398 |a Drogenabhängigkeit |2 gnd |
| 650 | 0 | 7 | |0 (DE-588)4048610-2 |0 (DE-627)106190091 |0 (DE-576)20907860X |a Rauschgift |2 gnd |
| 655 | 7 | |a Hochschulschrift |0 (DE-588)4113937-9 |0 (DE-627)105825778 |0 (DE-576)209480580 |2 gnd-content | |
| 689 | 0 | 0 | |d s |0 (DE-588)4016421-4 |0 (DE-627)106333240 |0 (DE-576)208915915 |a Familientherapie |2 gnd |
| 689 | 0 | |5 DE-101 | |
| 689 | 1 | 0 | |d s |0 (DE-588)4138597-4 |0 (DE-627)104577576 |0 (DE-576)209687398 |a Drogenabhängigkeit |2 gnd |
| 689 | 1 | 1 | |d s |0 (DE-588)4048610-2 |0 (DE-627)106190091 |0 (DE-576)20907860X |a Rauschgift |2 gnd |
| 689 | 1 | 2 | |d s |0 (DE-588)4016421-4 |0 (DE-627)106333240 |0 (DE-576)208915915 |a Familientherapie |2 gnd |
| 689 | 1 | |5 (DE-627) | |
| 689 | 2 | 0 | |d s |0 (DE-588)4138597-4 |0 (DE-627)104577576 |0 (DE-576)209687398 |a Drogenabhängigkeit |2 gnd |
| 689 | 2 | 1 | |d s |0 (DE-588)4048610-2 |0 (DE-627)106190091 |0 (DE-576)20907860X |a Rauschgift |2 gnd |
| 689 | 2 | 2 | |d s |0 (DE-588)4076308-0 |0 (DE-627)104364106 |0 (DE-576)209201428 |a Prävention |2 gnd |
| 689 | 2 | |5 (DE-627) | |
| 751 | |a Zürich |0 (DE-588)4068038-1 |0 (DE-627)106106651 |0 (DE-576)209172541 |4 uvp | ||
| 856 | 4 | 2 | |u http://www.gbv.de/dms/hbz/toc/ht003622475.pdf |m V:DE-605 |q pdf/application |v 2008-11-15 |x Verlag |y Inhaltsverzeichnis |3 Inhaltsverzeichnis |7 1 |
| 856 | 4 | 2 | |u http://scans.hebis.de/HEBCGI/show.pl?01294674_toc.pdf |m V:DE-605 |q application/pdf |3 Inhaltsverzeichnis |7 1 |
| 935 | |i Blocktest | ||
| 935 | |h HEB |i 0501 | ||
| 935 | |h HEB |i 0503 | ||
| 936 | r | v | |a YH 3000 |b Allgemeines |k Medizin |k Psychiatrie, Medizinische Psychologie |k Psychohygiene (Psychische Hygiene) |k Sucht allgemein |k Drogenabhängigkeit: Rauschgift, Bekämpfung, Gesetzliche Bestimmungen |k Allgemeines |0 (DE-627)1271485095 |0 (DE-625)rvk/153535:12905 |0 (DE-576)201485095 |
| 936 | r | v | |a YH 5915 |b Therapie (medikamentöse, physikalische Rehabilitation) |k Medizin |k Psychiatrie, Medizinische Psychologie |k Spezielle Psychiatrie |k Psychosen |k Exogene Psychosen, allgemein |k Psychosen durch chemisch definierte Gifte |k Drogenabhängigkeit; Rauschgift, Arzneimittelabhängigkeit |k A. Formalschlüssel |k Allgemeine Literatur zu einem Hauptgebiet |k Therapie (medikamentöse, physikalische Rehabilitation) |0 (DE-627)1271771020 |0 (DE-625)rvk/153559:12921 |0 (DE-576)201771020 |
| 936 | r | v | |a CW 6940 |b Suchtgefährdung |k Psychologie |k Angewandte Psychologie |k Suchtgefährdung |0 (DE-627)1270707868 |0 (DE-625)rvk/19200: |0 (DE-576)200707868 |
| 936 | r | v | |a DG 7500 |b Suchtgefahr, Drogenerziehung |k Pädagogik |k Spezialfragen der Erziehung |k Suchtgefahr, Drogenerziehung |0 (DE-627)1270742930 |0 (DE-625)rvk/19560: |0 (DE-576)200742930 |
| 936 | r | v | |a DS 7500 |b Betreuung von Suchtkranken, Drogenerziehung |k Pädagogik |k Sozialpädagogik, Sozialarbeit |k Berufsfelder |k Betreuung von Suchtkranken, Drogenerziehung |0 (DE-627)1270784536 |0 (DE-625)rvk/19969: |0 (DE-576)200784536 |
| 936 | s | n | |a w200 |2 mzub |
| 936 | s | n | |a c200 |2 mzub |
| 936 | s | n | |a d100 |2 mzub |
| 936 | s | n | |a m200 |2 mzub |
| 951 | |a BO | ||
| ELC | |b 1 | ||
| LOK | |0 000 xxxxxcx a22 zn 4500 | ||
| LOK | |0 001 3345526077 | ||
| LOK | |0 003 DE-627 | ||
| LOK | |0 004 275413209 | ||
| LOK | |0 005 20020607000000 | ||
| LOK | |0 008 940323||||||||||||||||ger||||||| | ||
| LOK | |0 040 |a DE-21-110 |c DE-627 |d DE-21-110 | ||
| LOK | |0 852 |a DE-21-110 | ||
| LOK | |0 852 1 |c C XVII 421 |m p |9 00 | ||
| LOK | |0 935 |a k110 | ||
| LOK | |0 936ln |a 9.7 | ||
| LOK | |0 938 |k p | ||
| LOK | |0 939 |a 23-03-94 |b l01 | ||
| ORI | |a SA-MARC-krimdoka001.raw | ||
| SIG | |a IFK: C XVII 421 | ||
